LEADER 03496pam 2200877 a 450 001 9910698307503321 005 20231110221735.0 010 $a0-440-24230-4 010 $a1-299-10120-8 035 $a(CKB)2550000000997898 035 $a(MH)009453711-9 035 $a(SSID)ssj0000574275 035 $a(PQKBManifestationID)12264467 035 $a(PQKBTitleCode)TC0000574275 035 $a(PQKBWorkID)10545007 035 $a(PQKB)11170951 035 $a(MiAaPQ)EBC6105560 035 $a(Au-PeEL)EBL6105560 035 $a(OCoLC)1156083430 035 $a(OCoLC)234193135 035 $a(EXLCZ)992550000000997898 100 $a20040301d2004 uy 1 101 0 $aeng 135 $aurcnu|||||||| 181 $ctxt 182 $cc 183 $acr 200 10$aForce protection /$fGordon Kent 205 $a1st ed. 210 $aNew York $cDelacorte Press$d2004 210 1$a[Washington, D.C.] :$cU.S. Air Force,$d[2004] 215 $a1 online resource (403 p. ) 225 1 $aAlan Craik ;$vv.5 300 $aBibliographic Level Mode of Issuance: Monograph 311 08$a0-385-33629-2 327 $aIntro -- Title Page -- Table of Contents -- Dedication -- Prologue -- Day One -- Chapter 1 -- Chapter 2 -- Chapter 3 -- Chapter 4 -- Day Two -- Chapter 5 -- Chapter 6 -- Chapter 7 -- Chapter 8 -- Chapter 9 -- Day Three -- Chapter 10 -- Chapter 11 -- Chapter 12 -- Day Four -- Chapter 13 -- Chapter 14 -- Day Five -- Chapter 15 -- Chapter 16 -- Chapter 17 -- Coda -- Also by Gordon Kent -- Copyright Page. 330 $aFrom Rules of Engagement to Hostile Contact, Gordon Kent has captivated readers with novels that combine authentic portrayals of global secret operations with the passions that go with them: the yearning for family and peace, the deceptions of agents in the field, and the extraordinary risks the bravest and best will take for a cause. 410 0$aAlan Craik 606 $aCraik, Alan (Fictitious character)$vFiction 606 $aIntelligence officers$vFiction 606 $aMilitary intelligence$vFiction 606 $aTerrorism$vFiction 606 $aWarships$vFiction 606 $aCraik, Alan (Fictitious character)$vFiction 606 $aIntelligence officers$vFiction 606 $aMilitary intelligence$vFiction 606 $aTerrorism$vFiction 606 $aWarships$vFiction 606 $aEnglish$2HILCC 606 $aLanguages & Literatures$2HILCC 606 $aAmerican Literature$2HILCC 608 $aSuspense fiction.$2gsafd 608 $aSpy stories.$2gsafd 615 0$aCraik, Alan (Fictitious character) 615 0$aIntelligence officers 615 0$aMilitary intelligence 615 0$aTerrorism 615 0$aWarships 615 0$aCraik, Alan (Fictitious character) 615 0$aIntelligence officers 615 0$aMilitary intelligence 615 0$aTerrorism 615 0$aWarships 615 7$aEnglish 615 7$aLanguages & Literatures 615 7$aAmerican Literature 676 $a813/.54 700 $aKent$b Gordon$01352440 801 0$bDLC 801 1$bDLC 801 2$bYDX 906 $aBOOK 912 $a9910698307503321 996 $aForce protection$93176262 997 $aUNINA 999 $aThis Record contains information from the Harvard Library Bibliographic Dataset, which is provided by the Harvard Library under its Bibliographic Dataset Use Terms and includes data made available by, among others the Library of Congress